| 000 | 00476nam a22001457a 4500 | ||
|---|---|---|---|
| 005 | 20170117105634.0 | ||
| 008 | 170117b xxu||||| |||| 00| 0 eng d | ||
| 050 | _aLA669.5L674 | ||
| 100 |
_aLewis, Leonard John _925986 |
||
| 245 |
_aStudies in education _bPartnership in oversea education _cby Lewis, Leonard John |
||
| 260 |
_aLondon _bEvans Brothers _c1959 |
||
| 300 |
_a24p.; _c19cm. |
||
| 650 |
_aEducation _zGreat Britain _xColonies _928387 |
||
| 942 |
_2lcc _cMONOGRAPH |
||
| 999 |
_c125976 _d125976 |
||